|
|
|
|
| LEADER |
02560nam a2200709 4500 |
| 001 |
ocn827944747 |
| 003 |
OCoLC |
| 005 |
20170124071614.5 |
| 006 |
m o d |
| 007 |
cr cnu---unuuu |
| 008 |
130218s2013 gw a ob 001 0 eng d |
| 040 |
|
|
|a N$T
|b eng
|e rda
|e pn
|c N$T
|d DG1
|d N$T
|d YDXCP
|d E7B
|d IUL
|d OCLCF
|d HUH
|d UKDOC
|d EBLCP
|d MHW
|d DEBSZ
|d COO
|d GrThAP
|
| 019 |
|
|
|a 826638917
|a 827207493
|
| 020 |
|
|
|a 9783527667680
|
| 020 |
|
|
|a 3527667687
|
| 020 |
|
|
|a 9783527667666
|
| 020 |
|
|
|a 3527667660
|
| 020 |
|
|
|a 9783527667697
|
| 020 |
|
|
|a 3527667695
|
| 020 |
|
|
|z 9783527410187
|
| 020 |
|
|
|z 352741018X
|
| 029 |
1 |
|
|a AU@
|b 000050561594
|
| 029 |
1 |
|
|a NZ1
|b 15194871
|
| 029 |
1 |
|
|a NZ1
|b 15341096
|
| 029 |
1 |
|
|a DEBBG
|b BV041070176
|
| 029 |
1 |
|
|a CHVBK
|b 314714073
|
| 029 |
1 |
|
|a CHBIS
|b 010131797
|
| 029 |
1 |
|
|a NLGGC
|b 356807401
|
| 029 |
1 |
|
|a DEBSZ
|b 397476353
|
| 029 |
1 |
|
|a DEBSZ
|b 449345246
|
| 029 |
1 |
|
|a DEBBG
|b BV041829510
|
| 035 |
|
|
|a (OCoLC)827944747
|z (OCoLC)826638917
|z (OCoLC)827207493
|
| 050 |
|
4 |
|a QB981
|b .B65 2013eb
|
| 072 |
|
7 |
|a SCI
|x 015000
|2 bisacsh
|
| 082 |
0 |
4 |
|a 523.1
|2 23
|
| 049 |
|
|
|a MAIN
|
| 100 |
1 |
|
|a Bojowald, Martin,
|e author.
|
| 245 |
1 |
4 |
|a The universe :
|b a view from classical and quantum gravity /
|c Martin Bojowald.
|
| 264 |
|
1 |
|a Weinheim, Germany :
|b Wiley-VCH Verlag GmbH & Co. KGaA,
|c [2013]
|
| 264 |
|
4 |
|c ©2013
|
| 300 |
|
|
|a 1 online resource (viii, 362 pages) :
|b illustrations.
|
| 336 |
|
|
|a text
|b txt
|2 rdacontent
|
| 337 |
|
|
|a computer
|b c
|2 rdamedia
|
| 338 |
|
|
|a online resource
|b cr
|2 rdacarrier
|
| 490 |
1 |
|
|a Physics textbook
|
| 588 |
|
|
|a Description based on print version record.
|
| 504 |
|
|
|a Includes bibliographical references and index.
|
| 505 |
0 |
|
|a The Universe I -- Relativity -- The Universe II -- Quantum Physics -- The Universe III -- Quantum Gravity -- The Universe IV.
|
| 650 |
|
0 |
|a Cosmology.
|
| 650 |
|
0 |
|a Quantum gravity.
|
| 650 |
|
0 |
|a Gravitation.
|
| 650 |
|
7 |
|a SCIENCE / Cosmology
|2 bisacsh
|
| 650 |
|
7 |
|a Cosmology.
|2 fast
|0 (OCoLC)fst00880600
|
| 650 |
|
7 |
|a Gravitation.
|2 fast
|0 (OCoLC)fst00946866
|
| 650 |
|
7 |
|a Quantum gravity.
|2 fast
|0 (OCoLC)fst01085110
|
| 655 |
|
4 |
|a Electronic books.
|
| 655 |
|
0 |
|a Electronic books.
|
| 655 |
|
7 |
|a Electronic books.
|2 local
|
| 776 |
0 |
8 |
|i Print version:
|a Bojowald, Martin.
|t Universe.
|d Weinheim, Germany : Wiley-VCH Verlag GmbH & Co. KGaA, [2013]
|z 9783527410187
|w (DLC) 2013370220
|w (OCoLC)821681349
|
| 830 |
|
0 |
|a Physics textbook.
|
| 856 |
4 |
0 |
|u https://doi.org/10.1002/9783527667666
|z Full Text via HEAL-Link
|
| 994 |
|
|
|a 92
|b DG1
|